| 000 | 00792 a2200253 4500 | ||
|---|---|---|---|
| 001 | 22156 | ||
| 999 |
_c22156 _d7118 |
||
| 003 | TR-AnTOB | ||
| 005 | 20240103140816.0 | ||
| 008 | 041102s2000 tu tur | ||
| 020 | _a9751613248 | ||
| 035 | _a22156 | ||
| 041 | _atur | ||
| 050 |
_aDS27 _b.M47 2000 |
||
| 090 | _aDS27 .M47 2000 | ||
| 100 |
_aMerçil, Erdoğan _910005 |
||
| 245 | 0 |
_aTürkiye Selçukluları'nda meslekler / _cErdoğan Merçil. |
|
| 264 | 1 |
_aAnkara : _bAtatürk Kültür, Dil ve Tarih Yüksek Kurumu Türk Tarih Kurumu, _c2000 |
|
| 300 |
_aix , 233 p. : _bmaps ; _c24 cm. |
||
| 490 | 0 | _aAtatürk Kültür, Dil ve Tarih Yüksek Kurumu Türk Tarih Kurumu Yayınları; 192 | |
| 500 | _aBibliyography: p.209-213 | ||
| 650 | 7 |
_aSelçuklular _zTürkiye _xTarih _2etuturkob _96956 |
|
| 902 | _a0005776 | ||
| 942 | _cBK | ||